000 00698nam a2200241 a 4500
001 73522
003 BD-RJUL
005 20211209082415.0
008 170603s1953 enka 001 0 eng d
035 _a(BD-RJUL) 73740
040 _cMNP
_dUKM
_dEQO
_aBD-RjUL
_beng
041 _aeng
082 0 4 _a630
_223
_bWYF 1953
100 1 _aWyllie, James
_9217537
245 1 0 _aFarming Records and Accounts /
_cJames Wyllie
260 _aLondon :
_bButterworths Scientific Publications,
_c1953.
300 _axiii, 310 p. :
_bill. ;
_c23 cm.
490 0 _aWye college series ;
_vno. 1
500 _aIncludes Index.
650 0 _aFarming
_9217538
856 _3Wye college series ;
_uno. 1
942 _2ddc
_cBK
999 _c73522
_d73522